M.E. and Morton /

Eleven-year-old Mary Ella, ashamed that her older brother Morton is a slow learner and longing for a friend of her own, is astonished when the flamboyant new girl on the block picks Morton for a friend.

Bibliographic Details
Main Author: Cassedy, Sylvia
Format: Book
Language:English
Published: New York : Crowell, [1987]
Edition:1st ed.
Subjects:

MARC

Tag First Indicator Second Indicator Subfields
LEADER 00000cam a2200000 a 4500
001 in00000009433
005 20151007051537.0
008 861007s1987 nyu j 00011 eng
010 |a  85048251  
020 |a 0690045603 :  |c $11.95 
020 |a 069004562X (lib. bdg.) :  |c $11.89 
035 |a (OCoLC)14520710 
035 |9 AAA3521AM 
040 |a DLC  |c DLC  |d TXA  |d UtOrBLW 
049 |a [Curr Col] TXAM  |c [A12641275] 
050 0 0 |a PZ7.C268515  |b Maae 1987 
082 0 |a [Fic]  |2 19 
100 1 |a Cassedy, Sylvia. 
245 1 0 |a M.E. and Morton /  |c Sylvia Cassedy. 
250 |a 1st ed. 
264 1 |a New York :  |b Crowell,  |c [1987] 
264 4 |c ©1987 
300 |a 312 pages ;  |c 22 cm. 
336 |a text  |b txt  |2 rdacontent 
337 |a unmediated  |b n  |2 rdamedia 
338 |a volume  |b nc  |2 rdacarrier 
520 |a Eleven-year-old Mary Ella, ashamed that her older brother Morton is a slow learner and longing for a friend of her own, is astonished when the flamboyant new girl on the block picks Morton for a friend. 
650 1 |a Brothers and sisters  |x Fiction. 
650 1 |a Learning disabilities  |x Fiction. 
650 1 |a Friendship  |x Fiction. 
740 0 |a ME and Morton. 
999 |a MARS 
999 f f |s ac1296dc-932d-3165-aab7-7751fa34f67c  |i 1d9e19cb-7208-3a87-b829-78a3b47105f4  |t 0 
952 f f |p ric  |a Texas A&M University  |b Rellis Campus  |c Joint Library Facility  |d Remote Storage  |t 0  |e PZ7.C268515 Maae 1987  |h Library of Congress classification  |i unmediated -- volume  |m A14812641275 
998 f f |a PZ7.C268515 Maae 1987  |t 0  |l Remote Storage